| 000 | 00880nas a2200289 4500 | ||
|---|---|---|---|
| 001 | BR9204488 | ||
| 003 | BR-BrBNA | ||
| 005 | 20231205092735.0 | ||
| 007 | ta | ||
| 008 | 230509b bl.|||p| |||| 00| 00por d | ||
| 040 |
_aBR-BrBNA _bpor _cBiblioteca Nacional de Agricultura |
||
| 041 | _a(Pt) | ||
| 072 | _aP10 | ||
| 100 | 1 | _aBuriol, G.A. | |
| 100 | 1 | _aEstefanel, V. | |
| 100 | 1 | _aSaccol, A.V. | |
| 100 | 1 | _aHeldwein, A.B. | |
| 100 | 1 | _aSchneider, F.M. | |
| 245 | 1 | _aDisponibilidades hidricas do solo possiveis de ocorrerem no Estado do Rio Grande do Sul | |
| 650 | _aAGUA DO SOLO | ||
| 650 | _aBALANCO HIDRICO | ||
| 650 | _aDEFICIENCIA HIDRICA | ||
| 650 | _aRIO GRANDE DO SUL | ||
| 773 | 0 |
_tRevista do Centro de Ciencias Rurais (Brazil) _xISSN 0085-5901 _g(Mar 1980), v. 10 p. 1-141 _wBR9204488 |
|
| 909 |
_a202311 _bLúcia _c55 _dLúcia Elande |
||
| 942 |
_2AGRIS _n0 _cANA |
||
| 999 |
_c133815 _d133815 |
||